[Event "DEM U14 2024"]
[Site "Willingen GER"]
[Date "2024.05.19"]
[Round "2"]
[White "Hellenbroich, Hanno"]
[Black "Sickmann, Lisa"]
[Result "0-1"]
[Termination "normal"]
[Board "16"]
[BlackTitle "WFM"]
[WhiteElo "1739"]
[BlackElo "1980"]
[WhiteClock "01:00:40"]
[BlackClock "01:00:00"]
[PlyCount "50"]
[WhiteFideId "16270762"]
[BlackFideId "16267818"]
[EventCountry "GER"]
[EventRounds "9"]
[EventType "swiss"]
[EventDate "2024.05.18"]

1. e4 {[%clk 01:30:52]} {[%emt 00:00:07]} e5 {[%clk 01:30:58]} {[%emt
00:00:04]} 2. Nf3 {[%clk 01:30:59]} {[%emt 00:00:21]} Nc6 {[%clk 01:31:23]}
{[%emt 00:00:06]} 3. Bc4 {[%clk 01:29:10]} {[%emt 00:02:18]} Bc5 {[%clk
01:31:45]} {[%emt 00:00:08]} 4. O-O {[%clk 01:29:26]} {[%emt 00:00:14]} Nf6
{[%clk 01:31:43]} {[%emt 00:00:32]} 5. d4 {[%clk 01:29:38]} {[%emt 00:00:18]}
Bxd4 {[%clk 01:31:51]} {[%emt 00:00:23]} 6. Nxd4 {[%clk 01:28:43]} {[%emt
00:01:25]} Nxd4 {[%clk 01:32:14]} {[%emt 00:00:07]} 7. Bg5 {[%clk 01:28:23]}
{[%emt 00:00:49]} d6 {[%clk 01:32:05]} {[%emt 00:00:40]} 8. f4 {[%clk
01:28:22]} {[%emt 00:00:30]} Be6 {[%clk 01:25:42]} {[%emt 00:06:53]} 9. fxe5
{[%clk 01:20:43]} {[%emt 00:08:09]} dxe5 {[%clk 01:20:42]} {[%emt 00:05:30]}
10. Bxe6 {[%clk 01:20:52]} {[%emt 00:00:21]} Nxe6 {[%clk 01:21:02]} {[%emt
00:00:11]} 11. Qxd8+ {[%clk 01:21:05]} {[%emt 00:00:16]} Rxd8 {[%clk 01:21:00]}
{[%emt 00:00:32]} 12. Bxf6 {[%clk 01:21:17]} {[%emt 00:00:18]} gxf6 {[%clk
01:21:23]} {[%emt 00:00:07]} 13. Nc3 {[%clk 01:21:26]} {[%emt 00:00:22]} c6
{[%clk 01:20:52]} {[%emt 00:01:01]} 14. Rxf6 {[%clk 01:20:44]} {[%emt
00:01:12]} Rd2 {[%clk 01:16:55]} {[%emt 00:04:27]} 15. Rf2 {[%clk 01:19:02]}
{[%emt 00:02:12]} Rxf2 {[%clk 01:17:03]} {[%emt 00:00:22]} 16. Kxf2 {[%clk
01:19:19]} {[%emt 00:00:12]} Ke7 {[%clk 01:16:55]} {[%emt 00:00:38]} 17. Rd1
{[%clk 01:18:08]} {[%emt 00:01:41]} Nd4 {[%clk 01:13:11]} {[%emt 00:04:14]} 18.
Rd2 {[%clk 01:18:13]} {[%emt 00:00:26]} Rg8 {[%clk 01:09:35]} {[%emt 00:04:05]}
19. g3 {[%clk 01:08:59]} {[%emt 00:09:43]} a5 {[%clk 01:06:58]} {[%emt
00:03:09]} 20. Na4 {[%clk 01:07:31]} {[%emt 00:01:57]} Rg4 {[%clk 01:05:16]}
{[%emt 00:02:10]} 21. Nc5 {[%clk 01:07:40]} {[%emt 00:00:23]} b6 {[%clk
01:03:38]} {[%emt 00:02:08]} 22. h3 {[%clk 01:07:49]} {[%emt 00:00:21]} Rg8
{[%clk 01:02:12]} {[%emt 00:01:54]} 23. Na4 {[%clk 01:02:00]} {[%emt 00:06:22]}
Rb8 {[%clk 00:59:31]} {[%emt 00:03:08]} 24. c3 {[%clk 01:01:37]} {[%emt
00:00:54]} Ne6 {[%clk 00:59:47]} {[%emt 00:00:15]} 25. h4 {[%clk 01:00:40]}
{[%emt 00:01:27]} b5 {[%clk 01:00:00]} {[%emt 00:00:18]} 0-1

[Event "DEM U14 2024"]
[Site "Willingen GER"]
[Date "2024.05.19"]
[Round "2"]
[White "Nemitz, Alfred"]
[Black "Bangert, Jonas"]
[Result "1-0"]
[Termination "normal"]
[Board "17"]
[WhiteTitle "FM"]
[WhiteElo "2220"]
[BlackElo "1772"]
[WhiteClock "00:03:30"]
[BlackClock "00:01:00"]
[PlyCount "81"]
[WhiteFideId "34601791"]
[BlackFideId "16289650"]
[EventCountry "GER"]
[EventRounds "9"]
[EventType "swiss"]
[EventDate "2024.05.18"]

1. Nf3 {[%clk 01:30:56]} {[%emt 00:00:03]} d5 {[%clk 01:30:29]} {[%emt
00:00:32]} 2. b4 {[%clk 01:31:16]} {[%emt 00:00:09]} Nf6 {[%clk 01:29:22]}
{[%emt 00:01:37]} 3. Bb2 {[%clk 01:28:47]} {[%emt 00:03:00]} e6 {[%clk
01:28:21]} {[%emt 00:01:30]} 4. b5 {[%clk 01:29:12]} {[%emt 00:00:05]} a6
{[%clk 01:21:58]} {[%emt 00:06:54]} 5. bxa6 {[%clk 01:29:27]} {[%emt 00:00:14]}
b6 {[%clk 01:20:26]} {[%emt 00:02:02]} 6. a7 {[%clk 01:20:45]} {[%emt
00:09:12]} Rxa7 {[%clk 01:20:51]} {[%emt 00:00:05]} 7. e3 {[%clk 01:20:52]}
{[%emt 00:00:23]} Bd6 {[%clk 01:20:06]} {[%emt 00:01:15]} 8. c4 {[%clk
01:20:05]} {[%emt 00:01:17]} O-O {[%clk 01:10:23]} {[%emt 00:10:12]} 9. Nc3
{[%clk 01:20:03]} {[%emt 00:00:32]} c6 {[%clk 01:04:36]} {[%emt 00:06:18]} 10.
Be2 {[%clk 01:18:11]} {[%emt 00:02:22]} Ba6 {[%clk 00:56:28]} {[%emt 00:08:38]}
11. cxd5 {[%clk 01:18:18]} {[%emt 00:00:24]} exd5 {[%clk 00:53:00]} {[%emt
00:03:57]} 12. O-O {[%clk 01:18:24]} {[%emt 00:00:23]} Bxe2 {[%clk 00:51:17]}
{[%emt 00:02:14]} 13. Nxe2 {[%clk 01:15:04]} {[%emt 00:03:49]} c5 {[%clk
00:44:53]} {[%emt 00:06:55]} 14. Qb3 {[%clk 01:06:07]} {[%emt 00:09:27]} Nbd7
{[%clk 00:41:48]} {[%emt 00:03:35]} 15. d3 {[%clk 00:58:58]} {[%emt 00:07:38]}
Qc7 {[%clk 00:37:42]} {[%emt 00:04:39]} 16. Nc3 {[%clk 00:57:21]} {[%emt
00:02:04]} c4 {[%clk 00:36:44]} {[%emt 00:01:29]} 17. Qc2 {[%clk 00:52:09]}
{[%emt 00:05:41]} cxd3 {[%clk 00:33:30]} {[%emt 00:03:45]} 18. Qxd3 {[%clk
00:51:29]} {[%emt 00:01:09]} Nc5 {[%clk 00:33:38]} {[%emt 00:00:24]} 19. Qe2
{[%clk 00:42:46]} {[%emt 00:09:12]} Qd7 {[%clk 00:31:03]} {[%emt 00:03:05]} 20.
Rfd1 {[%clk 00:41:44]} {[%emt 00:01:31]} Rfa8 {[%clk 00:25:59]} {[%emt
00:05:35]} 21. Nd4 {[%clk 00:34:56]} {[%emt 00:07:18]} Be5 {[%clk 00:19:39]}
{[%emt 00:06:50]} 22. Rac1 {[%clk 00:30:15]} {[%emt 00:05:11]} Na4 {[%clk
00:14:13]} {[%emt 00:05:55]} 23. Nxa4 {[%clk 00:27:30]} {[%emt 00:03:15]} Rxa4
{[%clk 00:14:22]} {[%emt 00:00:22]} 24. a3 {[%clk 00:27:35]} {[%emt 00:05:02]}
Bxd4 {[%clk 00:12:46]} 25. Bxd4 {[%clk 00:25:43]} {[%emt 00:00:12]} Ne4 {[%clk
00:06:03]} {[%emt 00:06:53]} 26. Bb2 {[%clk 00:20:18]} {[%emt 00:05:53]} Nc5
{[%clk 00:04:23]} {[%emt 00:02:11]} 27. Qf3 {[%clk 00:19:45]} {[%emt 00:01:02]}
Ne4 {[%clk 00:03:26]} {[%emt 00:01:28]} 28. Rc2 {[%clk 00:19:21]} {[%emt
00:00:53]} h6 {[%clk 00:03:28]} {[%emt 00:00:29]} 29. h3 {[%clk 00:19:11]}
{[%emt 00:00:39]} b5 {[%clk 00:02:04]} {[%emt 00:01:55]} 30. Qh5 {[%clk
00:16:43]} {[%emt 00:02:55]} Rd8 {[%clk 00:01:18]} {[%emt 00:01:19]} 31. Bd4
{[%clk 00:05:40]} {[%emt 00:11:33]} Rxa3 {[%clk 00:00:48]} {[%emt 00:04:55]}
32. Bb6 {[%clk 00:04:29]} Nc3 {[%clk 00:00:40]} 33. Bxd8 {[%clk 00:02:24]}
{[%emt 00:00:58]} Nxd1 {[%clk 00:00:47]} {[%emt 00:00:23]} 34. Rc7 {[%clk
00:02:00]} {[%emt 00:00:52]} Qe8 {[%clk 00:00:45]} {[%emt 00:00:34]} 35. Re7
{[%clk 00:01:40]} {[%emt 00:00:50]} Qf8 {[%clk 00:01:03]} {[%emt 00:00:13]} 36.
Qe5 {[%clk 00:01:30]} {[%emt 00:00:39]} Kh7 {[%clk 00:00:49]} {[%emt 00:00:45]}
37. Re8 {[%clk 00:01:38]} {[%emt 00:00:21]} f6 {[%clk 00:00:45]} {[%emt
00:00:34]} 38. Qf5+ {[%clk 00:02:00]} {[%emt 00:00:07]} g6 {[%clk 00:01:11]}
{[%emt 00:00:05]} 39. Qd7+ {[%clk 00:02:26]} {[%emt 00:00:05]} Kg8 {[%clk
00:00:36]} {[%emt 00:01:39]} 40. Rxf8+ {[%clk 00:03:07]} {[%emt 00:00:14]} Kxf8
{[%clk 00:01:00]} {[%emt 00:00:06]} 41. Bxf6 {[%clk 00:03:30]} {[%emt
00:00:07]} 1-0

[Event "DEM U14 2024"]
[Site "Willingen GER"]
[Date "2024.05.19"]
[Round "2"]
[White "Dodul, Arthur"]
[Black "Nönnig, Jakob"]
[Result "1-0"]
[Termination "normal"]
[Board "18"]
[WhiteElo "1789"]
[BlackElo "1990"]
[WhiteClock "00:32:37"]
[BlackClock "00:00:31"]
[PlyCount "71"]
[WhiteFideId "34609016"]
[BlackFideId "16289447"]
[EventCountry "GER"]
[EventRounds "9"]
[EventType "swiss"]
[EventDate "2024.05.18"]

1. e4 {[%clk 01:30:58]} {[%emt 00:00:02]} e5 {[%clk 01:30:53]} {[%emt
00:00:08]} 2. Nf3 {[%clk 01:31:19]} {[%emt 00:00:07]} Nc6 {[%clk 01:31:16]}
{[%emt 00:00:08]} 3. d4 {[%clk 01:31:47]} {[%emt 00:00:02]} exd4 {[%clk
01:31:37]} {[%emt 00:00:09]} 4. Bc4 {[%clk 01:32:12]} {[%emt 00:00:05]} Nf6
{[%clk 01:31:11]} {[%emt 00:00:55]} 5. O-O {[%clk 01:32:35]} {[%emt 00:00:08]}
Nxe4 {[%clk 01:31:34]} {[%emt 00:00:07]} 6. Re1 {[%clk 01:32:59]} {[%emt
00:00:05]} d5 {[%clk 01:31:58]} {[%emt 00:00:07]} 7. Bxd5 {[%clk 01:33:23]}
{[%emt 00:00:06]} Qxd5 {[%clk 01:32:22]} {[%emt 00:00:06]} 8. Nc3 {[%clk
01:33:49]} {[%emt 00:00:05]} Qa5 {[%clk 01:32:30]} {[%emt 00:00:21]} 9. Nxe4
{[%clk 01:34:12]} {[%emt 00:00:07]} Be6 {[%clk 01:32:31]} {[%emt 00:00:29]} 10.
Neg5 {[%clk 01:34:29]} {[%emt 00:00:14]} O-O-O {[%clk 01:32:42]} {[%emt
00:00:18]} 11. Nxe6 {[%clk 01:34:56]} {[%emt 00:00:04]} fxe6 {[%clk 01:33:03]}
{[%emt 00:00:09]} 12. Rxe6 {[%clk 01:35:19]} {[%emt 00:00:07]} Bd6 {[%clk
01:20:09]} {[%emt 00:13:24]} 13. Bg5 {[%clk 01:35:31]} {[%emt 00:00:17]} Rde8
{[%clk 01:19:53]} {[%emt 00:00:47]} 14. Qe2 {[%clk 01:35:47]} {[%emt 00:00:13]}
Kd7 {[%clk 01:17:26]} {[%emt 00:02:59]} 15. Rxe8 {[%clk 01:35:58]} {[%emt
00:00:18]} Rxe8 {[%clk 01:17:46]} {[%emt 00:00:11]} 16. Qd3 {[%clk 01:35:43]}
{[%emt 00:00:44]} g6 {[%clk 00:47:58]} {[%emt 00:30:18]} 17. Bf6 {[%clk
01:29:41]} {[%emt 00:06:31]} Kc8 {[%clk 00:19:48]} {[%emt 00:28:41]} 18. Bxd4
{[%clk 01:24:24]} {[%emt 00:05:47]} Nb4 {[%clk 00:12:26]} {[%emt 00:07:52]} 19.
Qd2 {[%clk 01:16:34]} {[%emt 00:08:16]} Qf5 {[%clk 00:06:55]} {[%emt 00:06:04]}
20. c3 {[%clk 01:05:31]} {[%emt 00:11:33]} Bf4 {[%clk 00:06:52]} {[%emt
00:00:34]} 21. Qd1 {[%clk 00:54:09]} {[%emt 00:11:51]} Nc2 {[%clk 00:06:09]}
{[%emt 00:01:13]} 22. Rb1 {[%clk 00:53:14]} {[%emt 00:01:25]} Qe4 {[%clk
00:02:37]} {[%emt 00:04:02]} 23. Qf1 {[%clk 00:50:25]} {[%emt 00:03:18]} g5
{[%clk 00:01:21]} {[%emt 00:01:47]} 24. Rd1 {[%clk 00:45:32]} {[%emt 00:05:22]}
g4 {[%clk 00:01:32]} {[%emt 00:00:20]} 25. Nd2 {[%clk 00:45:08]} {[%emt
00:00:53]} Qf5 {[%clk 00:00:39]} {[%emt 00:01:23]} 26. Nb3 {[%clk 00:42:17]}
{[%emt 00:06:57]} Re6 {[%clk 00:00:45]} 27. g3 {[%clk 00:38:44]} {[%emt
00:00:51]} Bg5 {[%clk 00:00:44]} {[%emt 00:00:31]} 28. Nc5 {[%clk 00:37:51]}
{[%emt 00:01:24]} Re8 {[%clk 00:00:36]} {[%emt 00:00:37]} 29. Qb5 {[%clk
00:37:13]} {[%emt 00:01:07]} Re1+ {[%clk 00:00:35]} {[%emt 00:00:32]} 30. Rxe1
{[%clk 00:37:38]} {[%emt 00:00:06]} Nxe1 {[%clk 00:00:49]} {[%emt 00:00:15]}
31. Qe8+ {[%clk 00:37:30]} {[%emt 00:00:37]} Bd8 {[%clk 00:00:47]} {[%emt
00:00:33]} 32. Qxe1 {[%clk 00:37:54]} {[%emt 00:00:05]} Qf3 {[%clk 00:00:51]}
{[%emt 00:00:26]} 33. Qe4 {[%clk 00:31:59]} {[%emt 00:06:26]} Qd1+ {[%clk
00:01:10]} {[%emt 00:00:12]} 34. Kg2 {[%clk 00:32:23]} {[%emt 00:00:05]} c6
{[%clk 00:00:37]} {[%emt 00:01:03]} 35. Qe6+ {[%clk 00:32:23]} {[%emt
00:00:30]} Kb8 {[%clk 00:00:31]} {[%emt 00:00:36]} 36. Be5+ {[%clk 00:32:37]}
{[%emt 00:00:16]} 1-0

[Event "DEM U14 2024"]
[Site "Willingen GER"]
[Date "2024.05.19"]
[Round "2"]
[White "Goldkuhle, Collin"]
[Black "Ollhoff, Hannes"]
[Result "1-0"]
[Termination "normal"]
[Board "19"]
[WhiteElo "1909"]
[BlackElo "1755"]
[WhiteClock "00:29:13"]
[BlackClock "00:07:50"]
[PlyCount "92"]
[WhiteFideId "16271106"]
[BlackFideId "16266927"]
[EventCountry "GER"]
[EventRounds "9"]
[EventType "swiss"]
[EventDate "2024.05.18"]

1. c4 {[%clk 01:30:34]} {[%emt 00:00:26]} Nf6 {[%clk 01:30:25]} {[%emt
00:00:35]} 2. Nc3 {[%clk 01:30:50]} {[%emt 00:00:14]} e6 {[%clk 01:30:41]}
{[%emt 00:00:13]} 3. g3 {[%clk 01:30:52]} {[%emt 00:00:29]} d5 {[%clk
01:30:25]} {[%emt 00:00:46]} 4. cxd5 {[%clk 01:31:14]} {[%emt 00:00:08]} exd5
{[%clk 01:30:43]} {[%emt 00:00:12]} 5. d4 {[%clk 01:29:49]} {[%emt 00:01:55]}
c6 {[%clk 01:27:51]} {[%emt 00:03:22]} 6. Bg2 {[%clk 01:28:38]} {[%emt
00:01:41]} h6 {[%clk 01:25:10]} {[%emt 00:03:11]} 7. Nf3 {[%clk 01:28:31]}
{[%emt 00:00:37]} Bf5 {[%clk 01:23:37]} {[%emt 00:02:03]} 8. O-O {[%clk
01:28:39]} {[%emt 00:00:21]} Bd6 {[%clk 01:21:46]} {[%emt 00:02:22]} 9. a3
{[%clk 01:26:20]} {[%emt 00:02:50]} Nbd7 {[%clk 01:19:01]} {[%emt 00:03:14]}
10. b4 {[%clk 01:24:07]} {[%emt 00:02:44]} a6 {[%clk 01:17:38]} {[%emt
00:01:52]} 11. Qb3 {[%clk 01:21:41]} {[%emt 00:02:55]} b5 {[%clk 01:10:37]}
{[%emt 00:07:31]} 12. Bb2 {[%clk 01:18:23]} {[%emt 00:03:48]} Nb6 {[%clk
01:07:49]} {[%emt 00:03:19]} 13. Nd2 {[%clk 01:16:00]} {[%emt 00:02:53]} Nc4
{[%clk 00:59:23]} {[%emt 00:08:55]} 14. Nxc4 {[%clk 01:15:19]} {[%emt
00:01:12]} bxc4 {[%clk 00:58:19]} {[%emt 00:01:34]} 15. Qa4 {[%clk 01:14:27]}
{[%emt 00:01:23]} Bd7 {[%clk 00:55:14]} {[%emt 00:03:34]} 16. Qc2 {[%clk
01:12:35]} {[%emt 00:02:22]} Be6 {[%clk 00:44:19]} {[%emt 00:11:25]} 17. Rfe1
{[%clk 01:11:22]} {[%emt 00:01:42]} O-O {[%clk 00:40:02]} {[%emt 00:04:47]} 18.
e4 {[%clk 01:04:44]} {[%emt 00:07:08]} Bc7 {[%clk 00:32:41]} {[%emt 00:07:52]}
19. f4 {[%clk 00:58:08]} {[%emt 00:07:05]} Bc8 {[%clk 00:14:37]} {[%emt
00:18:34]} 20. Rf1 {[%clk 00:52:27]} {[%emt 00:06:12]} g6 {[%clk 00:08:19]}
{[%emt 00:06:48]} 21. Rae1 {[%clk 00:49:30]} {[%emt 00:03:26]} Kg7 {[%clk
00:03:48]} {[%emt 00:05:01]} 22. Qd2 {[%clk 00:47:44]} {[%emt 00:02:15]} Rb8
{[%clk 00:01:26]} {[%emt 00:02:53]} 23. Bc1 {[%clk 00:46:54]} {[%emt 00:01:20]}
Nh7 {[%clk 00:01:00]} {[%emt 00:00:56]} 24. f5 {[%clk 00:46:00]} {[%emt
00:01:24]} g5 {[%clk 00:01:01]} {[%emt 00:00:28]} 25. exd5 {[%clk 00:45:19]}
{[%emt 00:01:11]} cxd5 {[%clk 00:00:41]} {[%emt 00:00:51]} 26. Nxd5 {[%clk
00:45:30]} {[%emt 00:00:19]} Bb7 {[%clk 00:00:38]} {[%emt 00:00:33]} 27. Nxc7
Qxc7 {[%clk 00:00:59]} 28. Bb2 {[%clk 00:44:05]} Kg8 {[%clk 00:00:43]} 29. d5
{[%clk 00:43:54]} Rfe8 {[%clk 00:00:38]} {[%emt 00:00:01]} 30. Rc1 {[%clk
00:43:09]} {[%emt 00:00:08]} Rbc8 {[%clk 00:00:34]} {[%emt 00:00:04]} 31. Qd4
{[%clk 00:42:55]} {[%emt 00:00:38]} f6 {[%clk 00:00:45]} {[%emt 00:00:19]} 32.
d6 {[%clk 00:43:04]} {[%emt 00:00:21]} Qd7 {[%clk 00:00:31]} {[%emt 00:00:45]}
33. Bxb7 {[%clk 00:43:10]} {[%emt 00:00:24]} Qxb7 {[%clk 00:00:32]} {[%emt
00:00:29]} 34. d7 {[%clk 00:43:16]} {[%emt 00:00:24]} 1-0

[Event "DEM U14 2024"]
[Site "Willingen GER"]
[Date "2024.05.19"]
[Round "2"]
[White "Kaplan, Arne"]
[Black "Aniol, Nico"]
[Result "1/2-1/2"]
[Termination "normal"]
[Board "20"]
[WhiteElo "1756"]
[BlackElo "1860"]
[WhiteClock "00:43:16"]
[BlackClock "00:00:32"]
[PlyCount "67"]
[WhiteFideId "34625194"]
[BlackFideId "16287096"]
[EventCountry "GER"]
[EventRounds "9"]
[EventType "swiss"]
[EventDate "2024.05.18"]

1. e4 {[%clk 01:30:58]} {[%emt 00:00:02]} c6 {[%clk 01:30:56]} {[%emt
00:00:04]} 2. d4 {[%clk 01:31:19]} {[%emt 00:00:08]} d5 {[%clk 01:31:23]}
{[%emt 00:00:04]} 3. Nc3 {[%clk 01:31:36]} {[%emt 00:00:12]} dxe4 {[%clk
01:31:47]} {[%emt 00:00:06]} 4. Nxe4 {[%clk 01:32:00]} {[%emt 00:00:06]} Nf6
{[%clk 01:32:14]} {[%emt 00:00:04]} 5. Nxf6+ {[%clk 01:32:21]} {[%emt
00:00:08]} exf6 {[%clk 01:32:40]} {[%emt 00:00:05]} 6. c3 {[%clk 01:32:40]}
{[%emt 00:00:10]} Bd6 {[%clk 01:31:38]} {[%emt 00:01:33]} 7. Bd3 {[%clk
01:32:58]} {[%emt 00:00:12]} O-O {[%clk 01:30:38]} {[%emt 00:01:30]} 8. Qc2
{[%clk 01:33:21]} {[%emt 00:00:07]} h6 {[%clk 01:26:44]} {[%emt 00:04:25]} 9.
Ne2 {[%clk 01:32:47]} {[%emt 00:01:02]} Re8 {[%clk 01:26:23]} {[%emt 00:00:52]}
10. O-O {[%clk 01:33:06]} {[%emt 00:00:10]} Qc7 {[%clk 01:26:20]} {[%emt
00:00:34]} 11. Ng3 {[%clk 01:30:21]} {[%emt 00:03:15]} Nd7 {[%clk 01:25:17]}
{[%emt 00:01:34]} 12. Bd2 {[%clk 01:24:12]} {[%emt 00:06:37]} Nf8 {[%clk
01:25:19]} {[%emt 00:00:29]} 13. Rae1 {[%clk 01:21:04]} {[%emt 00:03:38]} Bg4
{[%clk 01:22:16]} {[%emt 00:03:33]} 14. Bf5 {[%clk 01:07:55]} {[%emt 00:13:38]}
Bxf5 {[%clk 01:22:10]} {[%emt 00:00:37]} 15. Qxf5 {[%clk 01:08:14]} {[%emt
00:00:10]} Bxg3 {[%clk 01:12:29]} {[%emt 00:10:11]} 16. hxg3 {[%clk 01:06:53]}
{[%emt 00:01:51]} Qd7 {[%clk 01:12:34]} {[%emt 00:00:26]} 17. Qxd7 {[%clk
00:56:03]} {[%emt 00:11:19]} Nxd7 {[%clk 01:13:00]} {[%emt 00:00:04]} 18. f3
{[%clk 00:56:22]} {[%emt 00:00:11]} Re6 {[%clk 01:11:29]} {[%emt 00:02:01]} 19.
Kf2 {[%clk 00:49:51]} {[%emt 00:07:01]} Rae8 {[%clk 01:11:45]} {[%emt
00:00:15]} 20. c4 {[%clk 00:50:09]} {[%emt 00:00:12]} f5 {[%clk 01:02:10]}
{[%emt 00:10:06]} 21. d5 {[%clk 00:42:37]} {[%emt 00:08:01]} cxd5 {[%clk
01:02:05]} {[%emt 00:00:35]} 22. cxd5 {[%clk 00:42:57]} {[%emt 00:00:10]} Rxe1
{[%clk 00:59:58]} {[%emt 00:02:37]} 23. Rxe1 {[%clk 00:41:39]} {[%emt
00:01:47]} Rxe1 {[%clk 01:00:24]} {[%emt 00:00:04]} 24. Bxe1 {[%clk 00:40:30]}
{[%emt 00:01:39]} Nb6 {[%clk 00:58:18]} {[%emt 00:02:37]} 25. d6 {[%clk
00:35:18]} {[%emt 00:05:42]} f6 {[%clk 00:56:44]} {[%emt 00:02:04]} 26. Bb4
{[%clk 00:32:12]} {[%emt 00:03:35]} Kf7 {[%clk 00:57:06]} {[%emt 00:00:08]} 27.
Ke2 {[%clk 00:32:35]} {[%emt 00:00:07]} Ke6 {[%clk 00:57:30]} {[%emt 00:00:06]}
28. Kd3 {[%clk 00:32:40]} {[%emt 00:00:24]} Kd5 {[%clk 00:53:35]} {[%emt
00:04:26]} 29. b3 {[%clk 00:26:42]} {[%emt 00:06:29]} Nd7 {[%clk 00:51:50]}
{[%emt 00:02:15]} 30. f4 {[%clk 00:22:33]} {[%emt 00:04:38]} b6 {[%clk
00:43:14]} {[%emt 00:09:06]} 31. a4 {[%clk 00:20:52]} {[%emt 00:02:11]} a6
{[%clk 00:34:54]} {[%emt 00:08:51]} 32. Ba3 {[%clk 00:15:16]} {[%emt 00:06:06]}
Kc6 {[%clk 00:30:08]} {[%emt 00:05:15]} 33. Kc4 {[%clk 00:13:03]} {[%emt
00:02:42]} h5 {[%clk 00:30:19]} {[%emt 00:00:20]} 34. Bb4 {[%clk 00:10:21]}
{[%emt 00:03:12]} Nf8 {[%clk 00:28:27]} {[%emt 00:02:22]} 35. Kd4 {[%clk
00:05:02]} {[%emt 00:05:49]} Ne6+ {[%clk 00:28:20]} {[%emt 00:00:36]} 36. Kc4
{[%clk 00:05:22]} {[%emt 00:00:10]} Nd8 {[%clk 00:27:45]} {[%emt 00:01:05]} 37.
Kd4 {[%clk 00:05:17]} {[%emt 00:00:35]} Nb7 {[%clk 00:27:17]} {[%emt 00:00:57]}
38. d7 {[%emt 00:02:08]} Kxd7 {[%clk 00:27:33]} {[%emt 00:00:12]} 39. Bf8
{[%clk 00:04:05]} {[%emt 00:00:08]} Ke6 {[%clk 00:26:00]} {[%emt 00:02:03]} 40.
Bxg7 {[%clk 00:03:45]} {[%emt 00:00:49]} Kf7 {[%clk 00:25:20]} {[%emt
00:01:11]} 41. Bh6 {[%clk 00:03:51]} {[%emt 00:00:24]} Nc5 {[%clk 00:07:50]}
{[%emt 00:18:00]} 42. Kc4 {[%clk 00:29:13]} {[%emt 00:05:07]} Nb7 {[%emt
00:15:22]} 43. Kd4 {[%emt 00:00:16]} Nc5 {[%emt 00:00:01]} 44. Kc4 {[%emt
00:00:12]} a5 45. Kb5 {[%emt 00:00:04]} Nxb3 {[%emt 00:00:01]} 46. Kxb6 Kg8
1/2-1/2